Special report (Record no. 81550)

MARC details
000 -LEADER
fixed length control field 00861cab a22001935a 4500
001 - CONTROL NUMBER
control field L147502
008 - FIXED-LENGTH DATA ELEMENTS--GENERAL INFORMATION
fixed length control field 090519e20090515xxkbd f 000 0 eng d
035 ## - SYSTEM CONTROL NUMBER
System control number (Sirsi) u147502
041 0# - LANGUAGE CODE
Language code of text/sound track or separate title eng
100 1# - MAIN ENTRY--PERSONAL NAME
Personal name McAllister, Sean
245 00 - TITLE STATEMENT
Title Special report
Remainder of title rural
260 ## - PUBLICATION, DISTRIBUTION, ETC.
Date of publication, distribution, etc. 2009
490 ## - SERIES STATEMENT
Series statement Property Week
Volume/sequential designation 75(20) 15 May 2009, 69-73(4)
520 ## - SUMMARY, ETC.
Summary, etc. Looks at the attraction to investors of farmland?s robust, seemingly recession-proof values and provides a note on when rural landowners rent out land to farmers. Discusses the Crown Estate?s asset management strategy which is getting better returns from its rural portfolio than its prestige urban estate in Regent Street, London. Charts. Map.
590 ## - LOCAL NOTE (RLIN)
Local note KA
651 #4 - SUBJECT ADDED ENTRY--GEOGRAPHIC NAME
Geographic name United Kingdom
Chronological subdivision
690 ## - LOCAL SUBJECT ADDED ENTRY--TOPICAL TERM (OCLC, RLIN)
Topical term or geographic name as entry element PROPERTY-RURAL AND NATURAL ASSETS-RURAL AND NATURAL ASSET FINANCE AND INVESTMENT
942 ## - ADDED ENTRY ELEMENTS (KOHA)
Suppress in OPAC 0
Holdings
Withdrawn status Lost status Source of classification or shelving scheme Damaged status Not for loan Home library Current library Shelving location Date acquired Total Checkouts Full call number Barcode Date last seen Copy number Price effective from Koha item type
    Dewey Decimal Classification     London London Journal article 19/05/2009   L147502 147502-1001 06/08/2019 1 06/08/2019 Journal article